000 00880cam a2200289I 4500
001 44818
005 20230411085957.0
008 760209s1957 nyu 000 0 eng d
035 _a(OCoLC)ocm01977705
040 _aKSU
_cKSU
_dOCL
035 _a(OCoLC)1977705
090 _aE185.82
_b.B983n 1957
049 _aGRAL
100 1 _aButcher, Margaret Just,
_d1913-
245 1 4 _aThe Negro in American culture;
_cbased on materials left by Alain Locke.
260 _aNew York,
_bMentor books
_c[1957]
300 _a240 p.
_c18 cm.
650 0 _aAfrican Americans in literature.
650 0 _aAfrican Americans in art.
650 0 _aAmerican literature
_xAfrican American authors.
650 0 _aAfrican American art.
650 0 _aAfrican Americans
_vMusic.
650 0 _aAfrican Americans
_xDancing.
942 _2lcc
_cbk
994 _aC0
_bDRFGD
946 _acsexposito
999 _c110349
_d110349